| 000 | 01098nam a22003017a 4500 | ||
|---|---|---|---|
| 001 | 8376 | ||
| 003 | FISKH | ||
| 005 | 20250910103656.0 | ||
| 008 | 250910b cb ||||| |||| 00| 0 eng d | ||
| 020 | _a9780064451925 | ||
| 040 |
_aFISKH _beng _cFISKH _dFISKH |
||
| 050 | _aQB54 .B694 | ||
| 082 | _a576.839 | ||
| 100 | _aBranley, Franklyn M. | ||
| 245 |
_aIs there life in outer space ? / _cby Franklyn M.Branley : illustrated by Edward Miller |
||
| 260 |
_aNew York : _bHarperCollins Publishers, Inc., _c1984. |
||
| 300 |
_a31 pages : _bcolor illustrations ; _c20 x 25 cm . |
||
| 490 |
_aLet's -Read-And-Fine-Out-Science _vStage 1 |
||
| 505 | _aO | ||
| 520 | _aDiscusses some of the ideas and misconceptions about life in outer space and speculates on the existence of such life in light of recent space explorations. | ||
| 521 | 8 |
_a620
_bLexile |
|
| 521 | 8 |
_aO
_bRaz-Plus |
|
| 650 |
_aLife on other planets _vJuvenile Literature |
||
| 650 |
_aOuter space _vJuvenile Literature |
||
| 700 |
_aMiller, Edward _eIllustrator |
||
| 942 |
_2ddc _cBK _n0 |
||
| 999 |
_c8376 _d8376 |
||